Hupsov šlabikár pre 1. ročník základných škôl školský rok 2021/2022 : 1. a 2. časť, pracovný zošit, súbor predpisových zošitov

Bibliographic Details
Main Authors: Hirschnerová, Zuzana, 1972- (Author), Muntágová, Lívia (Author), Nemčíková, Margita (Author)
Format: Electronic Software
Language:Slovak
PhysicalDescription:1 DVD-ROM farebný 12 cm
Published: Bratislava Vydavateľstvo AITEC 2021
ISBN:9788081462320
Subjects:

MARC

LEADER 00000nmm a2200000 4500
001 vtls012075685
003 SK-MaSNL
005 20260302094456.0
007 co cg |uuua
008 211102s2021 xo fqnp 000 0 slo
015 |a SNBS2021 
020 |a 9788081462320  |q (elektronická kniha) 
040 |a SNK  |b slo  |c SNK  |e rda 
041 0 |a slo 
044 |a xo  |c SK 
072 7 |a 37.016  |x Učebné osnovy. Vyučovacie predmety. Učebnice  |2 konspekt 
072 7 |a 373.2/.3  |x Predškolská a primárna výchova a vzdelávanie  |2 konspekt 
080 |a 37.016:003-028.31  |2 2011 
080 |a 028  |2 2011 
080 |a 811.162.4  |2 2011 
080 |a (075.2)  |2 2011 
080 |a (072)  |2 2011 
080 |a (076.1)  |2 2011 
080 |a (0.034.44)  |2 2011 
100 1 |a Hirschnerová, Zuzana,  |d 1972-  |4 aut  |9 211295 
245 1 0 |a Hupsov šlabikár pre 1. ročník základných škôl  |b školský rok 2021/2022 : 1. a 2. časť, pracovný zošit, súbor predpisových zošitov  |c Zuzana Hirschnerová, Lívia Muntágová, Margita Nemčíková 
246 3 3 |a Hupsov šlabikár 1 
264 1 |a Bratislava  |b Vydavateľstvo AITEC  |c 2021 
300 |a 1 DVD-ROM  |b farebný  |c 12 cm 
336 |a text  |b txt  |2 rdacontent 
337 |a počítač  |b c  |2 rdamedia 
338 |a počítačový disk  |b cd  |2 rdacarrier 
500 |a Inštalačné DVD, licencia časovo obmedzená do 30.9.2022 
538 |a Disk je určnený pre operačné systémy Windows 10 
650 0 7 |a písanie  |2 SNKPH  |9 1728 
650 0 7 |a čítanie  |2 SNKPH  |9 1654 
650 0 7 |a slovenčina  |2 SNKPH  |9 1350 
650 0 7 |a Writing  |2 SNKPHeng  |9 302882 
650 0 7 |a Reading  |2 SNKPHeng  |9 276976 
650 0 7 |a Slovak language  |2 SNKPHeng  |9 266031 
655 7 |a DVD-ROM  |2 SNKPH  |9 113904 
655 7 |a učebnice základných škôl  |2 SNKPH  |9 70187 
655 7 |a metodické príručky  |2 SNKPH  |9 70250 
655 7 |a šlabikáre  |2 SNKPH  |9 70665 
655 7 |a pracovné zošity  |2 SNKPH  |9 70188 
655 7 |a Textbooks (elementary)  |2 SNKPHeng  |9 276977 
655 7 |a Methodological manuals  |2 SNKPHeng  |9 270866 
655 7 |a Alphabet book  |2 SNKPHeng  |9 313414 
655 7 |a Activity books  |2 SNKPHeng  |9 302885 
700 1 |a Muntágová, Lívia  |4 aut  |9 298975 
700 1 |a Nemčíková, Margita  |4 aut  |9 7427 
919 |a 978-80-8146-232-0 
999 |c 1213321  |d 1215251 
952 |a SNK  |b SNK  |y PREZ  |7 0  |p 17A1467912  |o snkSCDM 12033  |i snk2021/16988  |8 0  |0 0  |1 0  |4 0  |d 2021-11-02  |l 0  |r 2026-02-24 23:19:32  |w 2026-02-24